000 00480nam a2200181 4500
003 SEACOMMC
005 20250502114109.0
008 250206b |||||||| |||| 00| 0 eng d
020 _a 978-93-5253518-7
_cRs.495.00
040 _aSEACOMMC
082 _a 330.068
_bA 287
100 _a Ahuja, H L
245 1 _aManagerial Economics /
_c H L Ahuja & Amit Ahuja
250 _a2nd rev.ed.
260 _a New Delhi
_b S.Chand Publishers
_c 2008
650 _a Economic
942 _cBOOK
999 _c1061
_d1061